000 00538nam a22001817a 4500
999 _c193698
_d193698
005 20230202160120.0
010 _aENG-135612
020 _c250.00
_a978-93-90569-93-9
035 _aEN-119144
037 _bDBAD/PUB
082 _a220.6
100 _aJohn M. Itty
245 _aBiblical perspective on political economy and empire/
_cJohn M. Itty
260 _c2021
_bTheological Publication
_aDelhi
270 _aP.O.1585, Kashmiri Gate
_bDelhi
_e110006
300 _a230p
_c23cm(pbk)
942 _2ddc
_cEN
_mITT
_h220.6